000 00474cam a2200193ua 4500
001 8109
008 150108n ii |||gr||||Z||||||hin
040 _cMAIN
041 _ahin
082 _a920
100 _aSingh, K. P.,
_eAuthor.
245 1 _aKathakar Shivprasad Singh
_cBy Kameshwar Prasad Singh
250 _a1st.
260 _aVaranasi:
_bSanjay,
_c1985.
300 _a184p.
653 _aBiography, genealogy & insignia
653 _aHindi Biography
942 _cBK
999 _c7224
_d7224